Groups and representations

Αποθηκεύτηκε σε:
Λεπτομέρειες βιβλιογραφικής εγγραφής
Κύριος συγγραφέας: Alperin, J. L.
Άλλοι συγγραφείς: Bell, Rowen B.
Μορφή: Βιβλίο
Γλώσσα:English
Δημοσίευση: New York : Springer-Verlag, 1995
Σειρά:Graduate texts in mathematics ; ; 162
Θέματα:
Ετικέτες: Προσθήκη ετικέτας
Δεν υπάρχουν, Καταχωρήστε ετικέτα πρώτοι!

MARC

LEADER 00000nam a2200000 i 4500
001 1/71770
008 990309s1995 eng d
020 |a 0387945253 
020 |a 0387945261 
035 |l 10048407 
040 |a GR-MY-UA  |b eng  |e aacr 
041 0 |a eng 
082 0 |a 512.2 
100 1 |a Alperin, J. L. 
245 1 0 |a Groups and representations /  |c J.L. Alperin with Rowen B. Bell. 
260 |a New York :   |b Springer-Verlag,   |c 1995 
300 |a x, 194 p.;  |c 24 cm. 
490 1 |a Graduate texts in mathematics  |v ; 162 
500 |a Includes bibliographical references and index. 
650 0 0 |a Representations of groups. 
700 1 |a Bell, Rowen B. 
830 0 |a Graduate texts in mathematics ;  |v ; 162 
852 |a INST  |b SAMOS  |e 19990309  |h 512.2 ALP  |p 005300013354  |q 005300013354  |t BK  |y 0 
901 |a BIBL-1999-1 
909 |a Σ  |b 062980 
922 |a 3ΕΛΗ  |b 199901  |c ΕΠΕΑΕΚ/ΜΑΘ  |d LEADER